Del idioma universal, sus ventajas, y posibilidad de obtenerlo : (Record no. 153406)

MARC details
000 -LEADER
campo de control de longitud fija 00665nam a2200181 i 4500
001 - NÚMERO DE CONTROL
campo de control 153406
003 - IDENTIFICADOR DE NÚMERO DE CONTROL
campo de control ES-MaACL
005 - FECHA Y HORA DE LA ÚLTIMA TRANSACCIÓN
campo de control 20230906205217.0
008 - DATOS DE LONGITUD FIJA--INFORMACIÓN GENERAL
campo de control de longitud fija 981204s1852 sp |||| | spa d
080 ## - NÚMERO DE LA CLASIFICACIÓN DECIMAL UNIVERSAL
Número de la Clasificación Decimal Universal 811.9
245 00 - MENCIÓN DEL TÍTULO
Título Del idioma universal, sus ventajas, y posibilidad de obtenerlo :
Resto del título [sigue un "Bosquejo de gramática"].
260 ## - PUBLICACIÓN, DISTRIBUCIÓN, ETC.
Lugar de publicación, distribución, etc. Sanlúcar de Barrameda :
Nombre del editor, distribuidor, etc. [s.n.],
Fecha de publicación, distribución, etc. 1852 (
Fabricante Imp. de D. José M. Esper)
300 ## - DESCRIPCIÓN FÍSICA
Extensión 80 p. ;
Dimensiones 21 cm.
597 ## - NOTA DE DESCRIPCIÓN FÍSICA
NOTA DE DESCRIPCIÓN FÍSICA Port. con orla tip.
650 #4 - PUNTO DE ACCESO ADICIONAL DE MATERIA--TÉRMINO DE MATERIA
Término de materia o nombre geográfico como elemento de entrada Lenguas artificiales.
9 (RLIN) 136381
852 4# - LOCALIZACIÓN
Ubicación ES-MaACL
Número de control de estantería T-57-F-9
852 4# - LOCALIZACIÓN
Ubicación ES-MaACL
Número de control de estantería T-81-F-10
Nota libre - Enc. hol., falto de cub. original
-- - Enc. en un vol. facticio
Holdings
Estatus retirado Estado de pérdida Estado de daño No para préstamo Colección Biblioteca de origen Biblioteca actual Ubicación en estantería Fecha de adquisición Fuente de adquisición Total de préstamos Signatura topográfica completa Código de barras Visto por última vez Precio de reemplazo Tipo de ítem Koha
        Colección de folletos Biblioteca del Ateneo de Madrid Biblioteca del Ateneo de Madrid Depósito folletos 13/05/2005     T-57-F-9 1201931 23/02/2023 23/02/2023 Folleto
        Colección de folletos Biblioteca del Ateneo de Madrid Biblioteca del Ateneo de Madrid Depósito folletos 17/01/2008     T-81-F-10 1160325 23/02/2023 23/02/2023 Folleto